|
|
|
|
| LEADER |
00000cam a2200000 i 4500 |
| 001 |
1/86213 |
| 008 |
950509s1988 gre d |
| 020 |
|
|
|a 960-293-292-9 (1)
|
| 035 |
|
|
|a 1992
|b 1
|c Δωρεά
|l 10034912
|
| 040 |
|
|
|a GR-MY-UA
|b gre
|e aacr
|
| 041 |
0 |
|
|a gre
|
| 082 |
0 |
|
|a 889.32
|
| 100 |
1 |
|
|a Χατζόπουλος, Κωνσταντίνος,
|d 1868-1920.
|
| 245 |
1 |
0 |
|a Άπαντα /
|c Κώστα Χατζόπουλου ; φιλολογική επιμέλεια Ανθούλα Σεφεριάδου
|
| 260 |
|
|
|a Αθήνα :
|b Πατάκης,
|c 1988
|
| 300 |
|
|
|a 267 σ.
|
| 505 |
0 |
|
|a Μέρος Πρώτο: Πεζά, τ.1: Αντάρτης. Ο πύργος του Ακροπόταμου. Αγάπη στο χωριότ. 1: Αντάρτης; Ο πύργος του Ακροπόταμου; Αγάπη στο χωριό
|
| 650 |
0 |
0 |
|a Greek fiction, Modern.
|
| 650 |
0 |
0 |
|a Greek literature, Modern.
|
| 700 |
1 |
|
|a Σεφεριάδου, Ανθούλα.
|4 edt
|
| 740 |
0 |
|
|a Αντάρτης.
|
| 740 |
2 |
|
|a Ο πύργος του ακροποτάμου.
|
| 740 |
0 |
|
|a Αγάπη στο χωριό.
|
| 852 |
|
|
|a INST
|b LESVOS
|e 19950509
|h 889.32 XAT
|p 005100001086
|q 005100001086
|t BK
|y 0
|z τ.1
|
| 852 |
|
|
|a INST
|b LESVOS
|e 19950509
|h 889.32 XAT
|p 005100001086
|q 005100001086
|t BK
|v τ.1:
|y 0
|z τ.1
|
| 852 |
|
|
|a INST
|b LESVOS
|e 19960717
|h 889.32 ΧΑΤ
|p 005100001085
|q 005100001085
|t BK
|y 0
|z τ.1
|
| 852 |
|
|
|a INST
|b LESVOS
|e 19960717
|h 889.32 ΧΑΤ
|p 005100001085
|q 005100001085
|t BK
|v τ.1:
|y 0
|z τ.1
|
| 852 |
|
|
|a INST
|b RHODES
|e 19970401
|h 889.3 ΧΑΤ
|p 005400000403
|q 005400000403
|t BK
|y 0
|z τ.1
|
| 852 |
|
|
|a INST
|b RHODES
|e 19970401
|h 889.3 ΧΑΤ
|p 005400000404
|q 005400000404
|t BK
|y 0
|z τ.1
|
| 852 |
|
|
|a INST
|b RHODES
|e 19970401
|h 889.3 ΧΑΤ
|p 005400000403
|q 005400000403
|t BK
|v τ.1:
|y 0
|z τ.1
|
| 852 |
|
|
|a INST
|b RHODES
|e 19970401
|h 889.3 ΧΑΤ
|p 005400000404
|q 005400000404
|t BK
|v τ.1:
|y 0
|z τ.1
|
| 853 |
|
|
|a INST
|b LESVOS
|h 889.32 XAT
|
| 853 |
|
|
|a INST
|b LESVOS
|h 889.32 ΧΑΤ
|
| 853 |
|
|
|a INST
|b RHODES
|h 889.3 ΧΑΤ
|
| 922 |
|
|
|a 1ΔΩΡ
|b 199112
|